00422nam a2200181Ia 4500003000400000005001700004006001900021007000300040008004100043024001000084037001200094040002000106041001300126082001700139100002200156245005300178260000900231OSt20220928144943.0a|||||r|||| 00| 0 ta220927b |||||||| |||| 00| 0 eng d a77348 cTextual aSDCLcSDCLbeng 2engaeng aV2:24'N9, N7 aChatterjee Partha 0aPossible India b Essays in political criticism. c1997